000 00524nam a2200193 a 4500
001 1758004190797
003 YourLibrary
005 20250916172238.0
008 250916s2008##################000#0#eng##
020 _a9780747592983
082 0 4 _a150.1952092
_bEDM
100 1 _aEdmundson, Mark,
_eauthor.
245 1 0 _aThe Death of Sigmund Freud :
260 _bBloomsbury Paperbacks,
_c2008.
300 _a276 pages
650 0 _aBiography & Autobiography.
942 _cENGLISH
040 _aYourLibrary
_beng
_cYourLibrary
999 _c587417
_d587417